[Event "MCR mladeze 2019 - H12"]
[Site "Kouty nad Desnou"]
[Date "2019.03.11"]
[Round "4"]
[White "Matusik, Ondrej"]
[Black "Kanak, Matyas"]
[Result "1-0"]
[WhiteElo "1417"]
[BlackElo "1425"]
[EventDate "2019.03.09"]

1. e4  c5  2. Nf3 Nc6 3. d4  cxd4
4. Nxd4  e6  5. Nc3
a6  6. Be2  Nf6
7. O-O  Bb4  8. Qd3  O-O
9. Nb3  Qc7  10. Be3
b5  11. f4  d6
12. Bf3  Bb7  13. Rad1  Rfd8
14. a3  Bxc3  15. Qxc3
Rac8  16. Rfe1  Ne7
17. Qxc7  Rxc7  18. Bb6
Rcd7  19. Bxd8  Rxd8
20. e5  Nfd5  21. g3
dxe5  22. Rxe5  Rc8
23. Nd4  Ng6  24. Ree1
h6  25. c3  Ba8
26. Bg2  Rc5  27. f5  Nge7
28. fxe6  fxe6  29. Nxe6
Rc8  30. Nf4  Nxf4
31. Bxa8  Rxa8  32. Rxe7
Ng6  33. Re2  Ra7
34. Rde1  Kh7  35. b3
Rc7  36. Rc2  Nf8
37. c4  bxc4  38. Rxc4
Rb7  39. Rb1  a5
40. Ra4  Rb5  41. b4
axb4  42. Raxb4  Ra5
43. Ra1  Nd7  44. a4
Nc5  45. Kf1  Nd3
46. Rb5  Rxb5  47. axb5
Nc5  48. b6  1-0

[Event "MCR mladeze 2019 - H12"]
[Site "Kouty nad Desnou"]
[Date "2019.03.11"]
[Round "4"]
[White "Simunek, Jakub Simon"]
[Black "Tajovsky, Simon"]
[Result "0-1"]
[WhiteElo "1529"]
[BlackElo "1453"]
[EventDate "2019.03.09"]

1. d4  d5  2. Nf3  Nf6
3. c4  Nc6  4. g3
dxc4  5. Bg2  Bf5
6. Qa4  Qd7  7. O-O
e6  8. a3  Be7
9. Qb5  O-O  10. Qxc4  Be4
11. e3  Na5  12. Qc3
Qb5  13. b4  Nd5
14. Qb2  Nc4  15. Qa2
Bd3  16. Re1 a5 17. e4  axb4
18. Qb3  Na5  19. Qb2
Nb6  20. axb4  Nac4
21. Qc3  Bxb4  22. Qxd3
Rxa1  23. Bb2  Bxe1
24. Bxa1  Qa5  0-1

[Event "MCR mladeze 2019 - H12"]
[Site "Kouty nad Desnou"]
[Date "2019.03.11"]
[Round "4"]
[White "Kopecky, Matej"]
[Black "Vilimek, Vit"]
[Result "1-0"]
[WhiteElo "1321"]
[BlackElo "1469"]
[EventDate "2019.03.09"]

1. e4  c5  2. Nf3  Nc6
3. d4  cxd4  4. Nxd4
Nf6  5. Nc3  e5
6. Ndb5  d6  7. Nd5  Nxd5
8. exd5  Ne7  9. c3
a6  10. Qa4  axb5
11. Qxa8  Qd7  12. Qa5
b6  13. Qxb5  g6
14. Qxd7+  Bxd7  15. c4
Nf5  16. Be3  Bh6
17. Bxh6  Nxh6  18. Bd3
Bf5  19. Kd2  O-O
20. Bxf5  Nxf5  21. Rhe1
Nd4  22. Rad1  Ra8
23. a3  Rc8  24. Kd3
Nb3  25. Rb1  f5
26. f3  Kg7  27. Kc3
Na5  28. b3  b5
29. Kb4  Nb7  30. cxb5  Nc5
31. Red1  Kf6  32. Rbc1
e4  33. fxe4  fxe4
34. Rc3  Ke5  35. a4
Rb8  36. Rxc5  dxc5+
37. Kxc5  Rc8+  38. Kb6
Rd8  39. Kc6  Rc8+
40. Kd7  Rc3  41. d6
Rd3  42. Re1  Rxd6+
43. Kc7  Rd3  44. a5
Rxb3  45. b6  Kd4
46. b7  Rc3+  47. Kb6
Rb3+  48. Ka7  Kd3
49. b8=Q  Rxb8 50. Kxb8  e3
51. a6  Kd2  52. Rxe3
Kxe3  53. a7  Kf2
54. a8=Q  Kg1  55. g4
Kxh2  56. Qf3  h6
57. Qf4+  Kh3  58. Qxh6+
Kxg4  59. Qxg6+  Kf4
60. Qd3  Ke5  61. Kc7
Kf4  62. Qe2  1-0

[Event "MCR mladeze 2019 - H14"]
[Site "Kouty nad Desnou"]
[Date "2019.03.11"]
[Round "4"]
[White "Mach, Petr"]
[Black "Kusa, Jakub"]
[Result "1/2-1/2"]
[WhiteElo "1974"]
[BlackElo "1912"]
[EventDate "2019.03.09"]

1. d4  Nf6  2. Bf4  e6
3. e3  b6  4. Nd2
Bb7  5. Ngf3  Be7
6. Bd3  d5  7. O-O
Nh5  8. Bg3  Nxg3
9. hxg3  O-O  10. Ne5
Nd7  11. Nxd7  Qxd7
12. f4  c5  13. c3
g6  14. Qg4  h5
15. Qe2  c4  16. Bc2  f5
17. Nf3  Bf6  18. Ne5
1/2-1/2

[Event "MCR mladeze 2019 - H14"]
[Site "Kouty nad Desnou"]
[Date "2019.03.11"]
[Round "4"]
[White "Stalmach, Richard"]
[Black "Jun, Rudolf"]
[Result "1/2-1/2"]
[WhiteElo "2117"]
[BlackElo "2033"]
[EventDate "2019.03.09"]

1. d4  Nf6  2. c4  g6
3. f3  Bg7  4. e4
d6  5. Nc3  O-O
6. Be3  e5  7. Nge2  Nbd7
8. Qd2  a6  9. d5
Nh5  10. g4  Nf4
11. Nxf4  exf4  12. Bxf4
Ne5  13. Be2  Bd7
14. O-O  f5  15. gxf5
gxf5  16. Bg5  Qe8
17. Kh1  Kh8  18. Rg1
Qf7  19. f4  Ng6
20. Bh5  Rae8  21. Rae1
b5  22. cxb5  axb5
23. a3  c5  24. exf5
Bxf5  25. Nxb5  Qd7
26. Nc3  Bd4  27. Rxe8
Rxe8  28. Re1  Bg7
29. a4  h6  30. Bh4
Rxe1+  31. Bxe1  Qe7
32. Bf3  Nxf4  33. Bg3
Nd3  34. a5  Kh7
35. a6  Qa7  36. Bxd6
Qxa6 1/2-1/2

[Event "MCR mladeze 2019 - H14"]
[Site "Kouty nad Desnou"]
[Date "2019.03.11"]
[Round "4"]
[White "Hrbek, Stepan"]
[Black "Vojta, Jakub"]
[Result "1-0"]
[WhiteElo "1994"]
[BlackElo "2125"]
[EventDate "2019.03.09"]

1. Nf3  Nf6  2. c4  c5
3. Nc3  d5  4. cxd5
Nxd5  5. g3  Nc6
6. Bg2  Nc7  7. O-O
e5  8. a3  f6
9. Rb1  Be6  10. b4  c4
11. d3  cxd3  12. exd3
Nd5  13. Nxd5  Bxd5
14. b5  Na5  15. Nxe5
Bxg2  16. Kxg2  fxe5
17. Qh5+  Kd7  18. Qxe5
Qf6  19. Qd5+  Qd6
20. Qf7+  Qe7  21. Qf3
Qf6  22. Bf4  h5
23. Qd5+  Bd6  24. Bd2
b6  25. Bxa5  bxa5
26. Qc6+  Ke7  27. Rfe1+
Be5  28. Qb7+  Kd6
29. d4  1-0

[Event "MCR mladeze 2019 - H14"]
[Site "Kouty nad Desnou"]
[Date "2019.03.11"]
[Round "4"]
[White "Babula, Vlastimil"]
[Black "Jares, Michal"]
[Result "1-0"]
[WhiteElo "2040"]
[BlackElo "1950"]
[EventDate "2019.03.09"]

1. e4  c5  2. Nf3  Nc6
3. d4  cxd4  4. Nxd4
Nf6  5. Nc3  e5
6. Ndb5  d6  7. Bg5  a6
8. Na3  b5  9. Nd5
Be7  10. Bxf6  Bxf6
11. c3  O-O  12. Nc2
Bg5  13. h4  Bh6
14. g4  g6  15. g5
Bg7  16. Qd2  Bg4
17. Be2  Bxe2  18. Qxe2
f5  19. f3  f4
20. O-O-O  Rb8  21. h5  a5
22. Rdg1  Ne7  23. hxg6
hxg6  24. Qd2  Rc8
25. Rh3  Rc5  26. Nf6+
Rxf6  27. gxf6  Bxf6
28. Rh6  Bg7  29. Rhh1
d5  30. Qf2  Qc7
31. exd5  Rxd5  32. Rd1
Qc4  33. Qa7  Rxd1+
34. Rxd1  Nf5  35. Qxa5
Qe2  36. Qa8+  Kh7
37. Re1  Qg2  38. Qe4
Ng3  39. Qd3  Qf2
40. Rd1  e4  41. fxe4
f3  42. Kb1  b4
43. Nxb4  Qg2  44. Nd5  f2
45. Ne3  Qf3  46. a4
Bh6  47. Qd7+  Bg7
48. Nf1  Qxe4+  49. Ka1
Nf5  50. a5  Qc4
51. Kb1  Qe2  52. Qd3
Qe6  53. a6  Qb3
54. a7  Qb7  55. Qd7
Qe4+  56. Ka1  Qf3
57. Qa4  Bxc3  58. a8=Q
Bxb2+  59. Kxb2  Qe2+
60. Kc1  1-0

[Event "MCR mladeze 2019 - H14"]
[Site "Kouty nad Desnou"]
[Date "2019.03.11"]
[Round "4"]
[White "Dudek, Vojtech"]
[Black "Neumann, Filip"]
[Result "0-1"]
[WhiteElo "2025"]
[BlackElo "1897"]
[EventDate "2019.03.09"]

1. e4  c5  2. Nf3  Nc6
3. d4  cxd4  4. Nxd4
Nf6  5. Nc3  e5
6. Ndb5  d6  7. Bg5  a6
8. Na3  b5  9. Nd5
Be7  10. Bxf6  Bxf6
11. c3  O-O  12. Nc2
Bg5  13. Nce3  g6
14. Bd3  Kh8  15. Qe2
f5  16. h4  Bxe3
17. Qxe3  Be6  18. O-O-O
Bxd5  19. exd5  Ne7
20. Bc2  f4  21. Qe4
Nf5  22. h5  Kg7
23. Kb1  Qb6  24. Qf3
b4  25. hxg6  hxg6
26. c4  Qc7  27. b3
Nd4  28. Qg4  Qf7
29. Rd3  Rh8  30. Rdh3
Nxc2  31. Kxc2  Rxh3
32. Qxh3  Qf5+  33. Kd2
Qxh3  34. Rxh3  a5
35. Kd3  a4  36. Ke4
axb3  37. axb3  Ra1
38. g3  fxg3  39. Rxg3
Rd1  40. Rd3  Re1+
41. Re3  Rd1  42. Rd3
Rc1  43. Rg3  Rc2
44. Ke3  Rb2  45. Ke4
Rxf2  46. Kd3  Rf4
47. Ke3  Rf1  48. Kd3
Rf2  49. c5  dxc5
50. Kc4  Rc2+  51. Kb5
Kf6  52. d6  Ke6
53. Rxg6+  Kd7  54. Rh6
Rc3  55. Rg6  e4
0-1

[Event "MCR mladeze 2019 - H14"]
[Site "Kouty nad Desnou"]
[Date "2019.03.11"]
[Round "4"]
[White "Petricek, Lukas"]
[Black "Gnojek, Petr"]
[Result "1-0"]
[WhiteElo "1879"]
[BlackElo "2147"]
[EventDate "2019.03.09"]

1. e4  c5  2. c3  d5
3. exd5  Qxd5  4. d4
Nf6  5. Nf3  Bg4
6. Be2  Nc6  7. O-O
e6  8. h3  Bh5
9. Be3  cxd4  10. cxd4  Bd6
11. Nc3  Qa5  12. Qb3
Qb4  13. Qxb4  Nxb4
14. Bb5+  Ke7  15. g4
Bg6  16. a3  Nbd5
17. Rfe1  Rac8  18. g5
Ne4  19. Nxd5+  exd5
20. Ne5  Bf5  21. f3
Bxe5  22. fxe4  Bxe4
23. dxe5  Rc2  24. b4
Ke6  25. Bxa7  Kxe5
26. Rac1  Rxc1  27. Rxc1
Ra8  28. Bf2  Rxa3
29. Bf1  Ra4  30. b5
d4  31. Rc4  Rxc4
32. Bxc4  d3  33. Be3
f5  34. gxf6  gxf6
35. Kf2  f5  36. Bb6
f4  37. Ke1  h5
38. Kd2  h4  39. Bxd3  Bg2
40. Bc7+  Kf6  41. Bxf4
Bxh3  42. Be4  Bf1
43. Bd3  Bg2  44. Kc3
Ke6  45. Kd4  b6
46. Be4  Bf1  47. Bc6
h3  48. Ke3  Bg2
49. Kd4  Bf1  50. Bc7
Be2  51. Bxb6  h2
52. Kc5  Bxb5  53. Kxb5
Kd6  54. Bf2  Ke5
55. Bg3+  Kd4  56. Bxh2
Ke3  57. Be5  Kd3
58. Bd5  Ke3  59. Kc4
1-0

[Event "MCR mladeze 2019 - H14"]
[Site "Kouty nad Desnou"]
[Date "2019.03.11"]
[Round "4"]
[White "Nezval, Filip"]
[Black "Frank, Adam"]
[Result "1/2-1/2"]
[WhiteElo "1847"]
[BlackElo "2087"]
[EventDate "2019.03.09"]

1. d4  d6  2. c4  f5
3. Nc3  g6  4. e4
Nf6  5. e5  dxe5
6. dxe5  Qxd1+  7. Nxd1
Nfd7  8. f4  e6
9. g3  Nc6  10. Bg2  Nc5
11. Bxc6+  bxc6  12. Nf2
Na6  13. Nf3  c5
14. Ke2  Bb7  15. Rd1
Be7  16. Be3  h6
17. h4  Bc6  18. Nd3
Kf7  19. b3  Rad8
20. Nf2  Nb4  21. Rdc1
g5  22. hxg5  Bxf3+
23. Kxf3  hxg5  24. Ke2
gxf4  25. gxf4  Rh2
26. a3  Nc6  27. Rh1
Rdh8  28. Kd3  Nd4
29. Kc3  Ne2+  30. Kd3
Ng3  31. Rxh2  Rxh2
32. Rg1  Nh5  33. Rh1
Nxf4+  34. Bxf4  Rxf2
35. Rh7+  Ke8  36. Be3
Rf3  37. Ke2  Rg3
38. Rh8+  Kd7  39. Ra8
Rg2+  40. Kd3  Rg3
41. Ke2  Rg2+  42. Kd3
Rg4  43. Rxa7  f4
44. Bd2  Rg3+  45. Ke4
f3  46. Be3  f2
47. Bxf2  Rxb3  48. Be3  Rc3
49. Ra4  1/2-1/2

[Event "MCR mladeze 2019 - H14"]
[Site "Kouty nad Desnou"]
[Date "2019.03.11"]
[Round "4"]
[White "Prochazka, Vojtech"]
[Black "Skypala, Ondrej"]
[Result "1-0"]
[WhiteElo "1686"]
[BlackElo "2013"]
[EventDate "2019.03.09"]

1. e4  e6  2. d4  d5
3. Nd2  Nf6  4. e5
Nfd7  5. Bd3  c5
6. c3  Nc6  7. Ne2
cxd4  8. cxd4  f6
9. exf6  Nxf6  10. Nf3
Bd6  11. O-O  O-O
12. Bf4  Bxf4  13. Nxf4
Qd6  14. g3  Bd7
15. Rc1  Rae8  16. Re1
a6  17. Ne5  Re7
18. Re3  Rfe8  19. a3
Rf8  20. Nxc6  Bxc6
21. Qe2  Rfe8  22. Re1
Bd7  23. Nh5  Nxh5
24. Qxh5  g6  25. Qe5
Qb6  26. R3e2  Rf7
27. f4  Rc8  28. h4
Rg7  29. Kg2  Qb3
30. Qe3  Qb6  31. Qe5
Qb3  32. Bb1  Qb6
33. Rh1  Rc4  34. Rd2
Rc6  35. h5  gxh5
36. Qxh5  Kf8  37. Bxh7
Rc4  38. Bg6  Rg8
39. Qh6+  Ke7  40. Qh7+
Kd6  41. Qxg8  Rxd4
42. Qf8+  Kc7  43. Rc1+
Bc6  44. Rdc2  Rc4
45. Kh3  Rxc2  46. Rxc2
Qg1  47. Qe7+  Kb8
48. Qd6+  Kc8  49. Qxe6+
Kd8  50. Qf6+  Kc7
51. Qe7+  Kb6  52. Qb4+
Kc7  53. Qa5+  b6
54. Qc3  Qf1+  55. Kg4
Qd1+  56. Kg5  1-0

[Event "MCR mladeze 2019 - H14"]
[Site "Kouty nad Desnou"]
[Date "2019.03.11"]
[Round "4"]
[White "Vantuch, Lucian"]
[Black "Flajsman, Petr"]
[Result "1-0"]
[WhiteElo "1978"]
[BlackElo "1826"]
[EventDate "2019.03.09"]

1. e4  c5  2. Nf3  e6
3. d4  cxd4  4. Nxd4
Nf6  5. Nc3  Bb4
6. e5  Nd5  7. Bd2
Nxc3 8. bxc3  Bc5  9. Qg4
Kf8  10. Bd3  Nc6
11. Nxc6  dxc6  12. O-O
Qc7  13. Rae1  Bd7
14. Kh1  h5  15. Qc4
Bb6  16. Bg5  c5
17. f4  Qc6  18. f5
Re8  19. f6  g6
20. Qf4  Rc8  21. Bh6+  Ke8
22. Bxg6  fxg6  23. f7+
Kd8  24. f8=Q+  Rxf8
25. Bxf8  Qa4  26. Be7+
1-0

[Event "MCR mladeze 2019 - H14"]
[Site "Kouty nad Desnou"]
[Date "2019.03.11"]
[Round "4"]
[White "Rokos, Filip"]
[Black "Nguyen, Thai Dai Vinh"]
[Result "0-1"]
[WhiteElo "1848"]
[BlackElo "1936"]
[EventDate "2019.03.09"]

1. e4  c5  2. Ne2  e6
3. Nbc3  Nc6  4. g3
g6  5. Bg2  Bg7
6. O-O  Nge7  7. d3  O-O
8. f4  d6  9. h3
Nd4  10. Nxd4  Bxd4+
11. Kh2  Rb8  12. Ne2
Bg7  13. Qe1  b5
14. g4  Qc7  15. Qg3
f5  16. Rb1  Bb7
17. Bd2  b4  18. h4
Kh8  19. Bf3  e5
20. Rg1  d5  21. gxf5
Bh6  22. fxg6  hxg6
23. Kh1  exf4  24. Qg2
dxe4  25. dxe4  Qe5
26. Be1  Rg8  27. c3
a5  28. cxb4  cxb4
29. Bf2  Rbd8  30. Rgd1
Nc6  31. Rd5  Qe7
32. Rxd8  Qxd8  33. Qh3
Kh7  34. e5  Qd3
35. Rc1  Nxe5  36. Rc7+
Rg7  37. Rxb7  Rxb7
0-1

[Event "MCR mladeze 2019 - H14"]
[Site "Kouty nad Desnou"]
[Date "2019.03.11"]
[Round "4"]
[White "Vylicil, Adam"]
[Black "Ret, Adam Josef"]
[Result "1-0"]
[WhiteElo "1468"]
[BlackElo "1888"]
[EventDate "2019.03.09"]

1. d4  Nf6  2. Bg5  e6
3. e4  Be7  4. Bxf6
Bxf6  5. e5  Be7
6. Bd3  d6  7. f4
Nd7  8. Qg4  g6
9. Nf3  c5  10. c3  Qb6
11. b3  cxd4  12. cxd4
dxe5  13. fxe5  Bb4+
14. Ke2  Be7  15. Nbd2
Qd8  16. h4  h5
17. Qg3  Nb6  18. Ne4  Nd5
19. Rhf1  Nb4  20. Nfg5
Qxd4  21. Rad1  Bd7
22. Bc4  Qb6  23. Nxf7
Rg8  24. Ned6+  Bxd6
25. Nxd6+  Kd8  26. Bxe6
Qa6+  27. Bc4  Qxa2+
28. Rd2  Bg4+  29. Qxg4
hxg4  30. Rxa2  Nxa2
31. Bxg8  Kc7  32. Bh7
Rd8  33. Bxg6  Nc3+
34. Ke1  Kc6  35. h5
Rg8  36. Rf6  Kc5
37. h6  Kb4  38. Bc2
Nd5  39. Rf7  Ne3
40. Rxb7+  Kc3  41. Be4
Rf8  42. Nf7  Rc8
43. h7  Kd4  44. Rd7+
Nd5  45. Rxd5+  Ke3
46. Rd3+  Kxe4  47. Nd6+ 1-0

[Event "MCR mladeze 2019 - H14"]
[Site "Kouty nad Desnou"]
[Date "2019.03.11"]
[Round "4"]
[White "Hlavina, Matous"]
[Black "Sedy, Matej"]
[Result "1-0"]
[WhiteElo "1985"]
[BlackElo "1367"]
[EventDate "2019.03.09"]

1. e4  e5  2. Nf3  Nc6
3. Bb5  a6  4. Ba4
Nf6  5. O-O  b5
6. Bb3  Be7  7. Re1  d6
8. c3  Nb8  9. h3
Nbd7  10. d4  O-O
11. Nbd2  Bb7  12. Bc2
Re8  13. Nf1  Bf8
14. Ng3  g6  15. Bg5
Bg7  16. Qd2  c6
17. Bh6  Bh8  18. Nf5
Nf8  19. dxe5  dxe5
20. Nd6  Re7  21. Nxb7
Rxb7  22. Nxe5  Qc7
23. Bf4  Rd8  24. Qe3
Qc8  25. f3  Re7
26. Nd3  Nd5  27. Qf2
Nxf4  28. Nxf4  Re5
29. Rad1  Rde8  30. Bb3
Nd7  31. Nd3  R5e7
32. Kh1  c5  33. Bd5
c4  34. Nb4  Nc5
35. Bc6  a5  36. Qxc5
axb4  37. Qxb5  Rd8
38. Qxb4  Be5  39. Qxe7
Rxd1  40. Rxd1  Qxc6
41. Rd8+ 1-0

[Event "MCR mladeze 2019 - H16"]
[Site "Kouty nad Desnou"]
[Date "2019.03.11"]
[Round "4"]
[White "Mica, Marek"]
[Black "Szotkowski, David"]
[Result "1/2-1/2"]
[WhiteElo "2240"]
[BlackElo "1709"]
[EventDate "2019.03.09"]

1. d4  Nf6  2. Nf3  d5
3. c4  dxc4  4. Nc3
e6  5. e3  c5
6. Bxc4  a6  7. a4  Nc6
8. O-O  Be7  9. Ne5
Qc7  10. Nxc6  bxc6
11. dxc5  Bxc5  12. Qf3
O-O  13. Ne4  Nxe4
14. Qxe4  Bd6  15. g3
c5  16. Bd3  f5
17. Qc4  Rb8  18. Qa2  Kh8
19. Bc4  e5  20. f4
Bb7  21. Bd5  exf4
22. exf4  c4  23. Qxc4
Qxc4  24. Bxc4  Bc5+
25. Rf2  Rfd8  26. Kf1
Bxf2  27. Kxf2  Rbc8
28. b3  Bd5  29. Bxd5
Rxd5  30. Be3  a5
31. Re1  Kg8  32. Bb6
Kf7  33. Re3  Rb8
34. Bc7  Rc8  35. Rc3
Re8  36. Kf3  h6
37. h3  g5  38. g4
fxg4+  1/2-1/2

[Event "MCR mladeze 2019 - H16"]
[Site "Kouty nad Desnou"]
[Date "2019.03.11"]
[Round "4"]
[White "Volak, Simon"]
[Black "Stinka, Jakub"]
[Result "1-0"]
[WhiteElo "1843"]
[BlackElo "2196"]
[EventDate "2019.03.09"]

1. c4  c5  2. Nc3  Nc6
3. g3  g6  4. Bg2
Bg7  5. Nf3  e5
6. O-O  Nge7  7. d3  d6
8. Ne1  Be6  9. Nd5
O-O  10. Rb1  Rb8
11. Nc2  b5  12. Bd2
a5  13. b3  h6
14. Bc3  b4  15. Bb2  Qd7
16. Re1  f5  17. e3
g5  18. Nxe7+  Nxe7
19. d4  Qc7  20. f4
Bf7  21. fxe5  dxe5
22. d5  Qd6  23. Qd2
e4  24. Bxg7  Kxg7
25. a3  Ng6  26. axb4
axb4  27. Ra1  Ra8
28. Red1  Ne5  29. Ne1
Qf6  30. Ra2  Ng4
31. Rda1  Qxa1  32. Rxa1
1-0

[Event "MCR mladeze 2019 - H16"]
[Site "Kouty nad Desnou"]
[Date "2019.03.11"]
[Round "4"]
[White "Hofman, Krystof"]
[Black "Kucera, Tomas"]
[Result "1/2-1/2"]
[WhiteElo "2012"]
[BlackElo "1904"]
[EventDate "2019.03.09"]

1. d4  Nf6  2. c4  c6
3. Nc3  d5  4. e3
Bf5  5. Nf3  e6
6. Bd3  Bxd3  7. Qxd3  Bd6
8. O-O  O-O  9. e4
dxe4  10. Nxe4  Nxe4
11. Qxe4  Nd7  12. Bg5
Be7  13. Bf4  Nf6
14. Qe2  Qa5  15. Rfd1
Rfd8  16. a3  c5
17. d5  Qb6  18. Re1
Bd6  19. Bg5  Re8
20. Bxf6  gxf6  21. Qd2
Rad8  22. Qc3  exd5
23. cxd5  Bf8  24. Rxe8
Rxe8  25. Re1  Rxe1+
26. Nxe1  Qd6  27. Qg3+
Qxg3  28. fxg3  c4
29. Kf1  Bc5  30. Nc2
Kf8  31. Ke2  Ke7
32. Ne3  b5  33. Nf5+
Kd7  34. Kd2  Bd6
35. a4  a6  36. axb5
1/2-1/2

[Event "MCR mladeze 2019 - H16"]
[Site "Kouty nad Desnou"]
[Date "2019.03.11"]
[Round "4"]
[White "Nemec, David"]
[Black "Placer, Sebastian"]
[Result "1-0"]
[WhiteElo "1895"]
[BlackElo "1947"]
[EventDate "2019.03.09"]

1. e4  e6  2. d4  d5
3. Nd2  Be7  4. Bd3
c5  5. c3  Nc6
6. Ne2  cxd4  7. cxd4  dxe4
8. Nxe4  Nf6  9. O-O
O-O  10. Bb1  Nxe4
11. Bxe4  Qb6  12. Qc2
g6  13. Be3  Nb4
14. Qb3  Qd8  15. Nf4
Bd6  16. Rfd1  Qe7
17. a3  Nc6  18. Rac1
Rb8  19. d5  exd5
20. Nxd5  Qe6  21. Bh6
Re8  22. f4  Ne7
23. Qc3  f6  24. Nxf6+
Kf7  25. Nxh7  Qxe4
26. Ng5+  1-0

[Event "MCR mladeze 2019 - H16"]
[Site "Kouty nad Desnou"]
[Date "2019.03.11"]
[Round "4"]
[White "Martirosyan, Ara"]
[Black "Novotny, Ondrej"]
[Result "1-0"]
[WhiteElo "1885"]
[BlackElo "1933"]
[EventDate "2019.03.09"]

1. e4  e5  2. Nf3  Nc6
3. Bb5  Nf6  4. O-O
Nxe4  5. d4  d5
6. Nxe5  Bd7  7. Nxf7  Kxf7
8. Qh5+  g6  9. Qxd5+
Kg7  10. Qxe4  Bd6
11. Bxc6  Bxc6  12. d5
Re8  13. Qd3  Bxd5
14. Nc3  Bc6  15. Qh3
Qf6  16. Be3  Be5
17. Rad1  Rad8  18. Qh6+
Kg8  19. Bg5  Rxd1
20. Bxf6  Rxf1+  21. Kxf1
Bxf6  22. Qf4  Be5
23. Qc4+  Kg7  24. g3
a6  25. a4  Bf6
26. Nd5  Bxb2  27. Nxc7  Rc8
28. Ne6+  Kh8  29. Qf4
Kg8  30. Ng5  Bd5
31. Qd6  Bc4+  32. Kg2
Bg7  33. Ne6  1-0

[Event "MCR mladeze 2019 - H16"]
[Site "Kouty nad Desnou"]
[Date "2019.03.11"]
[Round "4"]
[White "Travnicek, Krystof Mikulas"]
[Black "Krizek, Krystof"]
[Result "0-1"]
[WhiteElo "1968"]
[BlackElo "1804"]
[EventDate "2019.03.09"]

1. c4  e5  2. Nc3  Nc6
3. Nf3  g6  4. e3
Bg7  5. d4  d6
6. Be2  exd4  7. exd4  Nge7
8. O-O  O-O  9. d5
Ne5  10. Nd4  Nf5
11. Nc2  b6  12. f4
Nd7  13. g4  Nh6
14. h3  Nc5  15. f5
Qh4  16. Kg2  gxf5
17. g5  f4  18. Rxf4
Bxh3+  0-1

[Event "MCR mladeze 2019 - H16"]
[Site "Kouty nad Desnou"]
[Date "2019.03.11"]
[Round "4"]
[White "Glozar, Petr"]
[Black "Pavlicek, Lukas"]
[Result "0-1"]
[WhiteElo "1883"]
[BlackElo "2003"]
[EventDate "2019.03.09"]

1. d4  Nf6  2. c4  g6
3. Nc3  Bg7  4. e4
d6  5. Nf3  O-O
6. Be2  e5  7. O-O  c6
8. Re1  exd4  9. Nxd4
Re8  10. Bf1  Na6
11. h3  Nc5  12. f3
d5  13. e5  Nfd7
14. cxd5  cxd5  15. f4
Nb6  16. Ncb5  Bf8
17. f5  a6  18. Nc3
Qc7  19. fxg6  hxg6
20. Qf3  Ne6  21. Nxe6
Bxe6  22. Bg5  Bg7
23. Bf6  Rac8  24. Rac1
Qc5+  25. Kh1  Qb4
26. b3  Bh6  27. Rc2
d4  28. Qe4  Rxc3
29. a3  Qxb3  30. Qh4
Bg7  31. Re4  Rec8
32. Bxg7  Kxg7  33. Qf6+
Kf8  34. Rxd4  Nd5
35. Rxd5  Qxd5  36. Qh8+
Ke7  37. Qh4+  Kd7
38. Rb2  Rc1  39. Qf2
Rd1  40. Qe2  Rcc1
41. Kh2  Re1  0-1

[Event "MCR mladeze 2019 - H16"]
[Site "Kouty nad Desnou"]
[Date "2019.03.11"]
[Round "4"]
[White "Barak, David"]
[Black "Polansky, Adam Lubos"]
[Result "1/2-1/2"]
[WhiteElo "2019"]
[BlackElo "2018"]
[EventDate "2019.03.09"]

1. d4  Nf6  2. c4  g6
3. Nc3  d5  4. cxd5
Nxd5  5. e4  Nxc3
6. bxc3  Bg7  7. Nf3
c5  8. Rb1  O-O
9. Be2  Nc6  10. d5  Ne5
11. Nxe5  Bxe5  12. Qd2
Qa5  13. Rb3  c4
14. Bxc4  Bd7  15. O-O
Rac8  16. Bd3  Bxc3
17. Qe2  Qc7  18. Be3
Ba4  19. Rbb1  a6
20. Rfc1  b5  21. f4
Qd7  22. h4  1/2-1/2

[Event "MCR mladeze 2019 - H16"]
[Site "Kouty nad Desnou"]
[Date "2019.03.11"]
[Round "4"]
[White "Zeman, Daniel"]
[Black "Fojt, Petr"]
[Result "0-1"]
[WhiteElo "1804"]
[BlackElo "2058"]
[EventDate "2019.03.09"]

1. f4  c5  2. Nf3  g6
3. e3  Bg7  4. Be2
Nc6  5. O-O  d5
6. d4  Bf5  7. c3  Nf6
8. Ne5  h5  9. Nd2
Ne4  10. Nxe4  dxe4
11. Bb5  Bxe5  12. fxe5
Qb6  13. Ba4  e6
14. b4  cxb4  15. Rb1
O-O  16. Bxc6  Qxc6
17. cxb4  Rfc8  18. h3
Qc2  19. Rb2  Qd3
20. Rb3  Qxd1  21. Rxd1
Rc2  22. Rb2  Rac8
23. Rxc2  Rxc2  24. a3
g5  25. Kh2  Kg7
26. Rf1  Kg6  27. Kg1
h4  28. Re1  Kh5
29. Rf1  g4  30. hxg4+
Kxg4  31. Kh2  h3
32. Rg1  Kh4  33. Kh1
Bg4  34. a4  hxg2+
35. Kh2  Bf3  36. a5
Kg4  37. Ba3  Rc8
38. Rxg2+  Bxg2  39. Kxg2
Rc3  40. Bb2  Rc2+
0-1

[Event "MCR mladeze 2019 - H16"]
[Site "Kouty nad Desnou"]
[Date "2019.03.11"]
[Round "4"]
[White "Nytra, Ondrej"]
[Black "Ocko, Dominik"]
[Result "1/2-1/2"]
[WhiteElo "1998"]
[BlackElo "1914"]
[EventDate "2019.03.09"]

1. e4  c5  2. Nf3  e6
3. d4  cxd4  4. Nxd4
Nf6  5. Nc3  a6
6. Be2  Qc7  7. O-O  Bc5
8. Nb3  Ba7  9. Kh1
b5  10. a3  Bb7
11. Bd3  Nc6  12. f4  Ne7
13. e5  Nfd5  14. Ne4
Nf5  15. Qe2  h5
16. Bd2  h4  17. Na5
Ng3+  18. Nxg3  hxg3
19. h3  Nxf4  20. Nxb7
Nxe2  21. Nd6+  Qxd6
22. exd6  Nd4  23. Bf4
Rc8  24. Bxg3  f6
25. c3  Nb3  26. Bg6+
Kf8  27. Rad1  Rh6
28. Bc2  Na5  29. Bf4
Rh8  30. Bc1  Nc4
31. Be4  Be3  32. Bb7
Rb8  33. Bxa6  Bxc1
34. Rxc1  Rb6  35. Bc8
Nxd6  36. Bxd7  Ke7
37. c4  bxc4  38. Ba4
Ra8  39. Bc2  Rxb2
40. a4 Ra5  41. Rf4  g5
42. Rf3  Nc8  43. h4
gxh4  44. Rf4  Nb6
45. Rxh4  Nxa4  46. Rxc4
1/2-1/2

[Event "MCR mladeze 2019 - H16"]
[Site "Kouty nad Desnou"]
[Date "2019.03.11"]
[Round "4"]
[White "Vorisek, Jakub"]
[Black "Tajovsky, Matej"]
[Result "1/2-1/2"]
[WhiteElo "2077"]
[BlackElo "1810"]
[EventDate "2019.03.09"]

1. e4  c5 2. Nf3 Nc6  3. d4  cxd4
4. Nxd4 g6  5. Be2  Bg7
6. Nb3  Nf6  7. Nc3
O-O  8. O-O  d6
9. Bg5  b6  10. Kh1  Bb7
11. f4  a5  12. a4
Rc8  13. Bf3  Nb4
14. Re1  Nd7  15. Qd2
Nc5  16. Rad1  Qd7
17. Nd5  Bxd5  18. exd5
f6  19. Nxc5  Rxc5
20. c3  fxg5  21. cxb4
axb4  22. fxg5  b3
23. Qe3  Rc2  24. Qxb3
Rxb2  25. Qe3  Be5
26. Qe4  Ra2  27. Bg4
Qxa4  28. Be6+  Kg7
29. Qxa4  Rxa4  30. Rb1
Ra6  31. Rf1  Bf4
32. h4  Bg3  33. Rxf8
Kxf8  34. Rf1+  Ke8
35. h5  1/2-1/2